00545nam a22001217a 4500020001800000041000800018082001700026100001400043245025000057260002300307300000800330650008500338 a9789388945141 aENG a266.009bSHI aShiri, G. aLet my people go : a glimpse into to the history of Christian community in Chamarajanagara villages, Karnataka (1908-1947) & present challenges, includes an account on the life and work of legendary Wesleyan missionary Rev. George William Sawday aDelhibISPCKc2019 a230 aMissionsaIndia--Chamrajnagara (District)aSawday, George William, -- 1854-1944.